000 00725cab a2200205 4500
001 WB2919-45
008 090401t1993 xxu||||| |||| 00| 0 eng d
035 _a(Sirsi) u31631
041 _aeng
245 _aNegligence cases set to multiply
260 _c1993
350 _a0
490 _aEstates Gazette
_v(9319) 15 May 1993, 35(1)
520 _aRising property prices will provide owners with a measure of their losses during the recession and so encourage an increase in negligence claims against valuers, warns law firm Williams Davies Meltzer.
650 _aNOVUS ACTUS INTERVENIENS
650 _aSEMINAR
690 _aMANAGEMENT-BUSINESS MANAGEMENT-PROFESSIONAL PRACTICE
942 _n0
948 _c04/03/1997
999 _c21232
_d21232